000 00858cam a2200289 4500
001 ABS66966
008 030820n2003 000 0 eng u
035 _a(Sirsi) u123312
245 _aFocus 2003: Mid-western counties
260 _c2003
490 _aEstates Gazette
_v(0330) 26 July 2003, 71-87(9)
590 _aABS
650 _aPROPERTY-COMMERCIAL PROPERTY-OFFICE PROPERTY-OFFICE PROPERTY MARKET
650 _aPROPERTY-COMMERCIAL PROPERTY-RETAIL PROPERTY-RETAIL PROPERTY MARKET
650 _aINDUSTRIAL MARKET
650 _aGLOUCESTERSHIRE
650 _aSHROPSHIRE
650 _aHEREFORDSHIRE
650 _aWORCESTERSHIRE
650 _aGLOUCESTER
650 _aHEREFORD
650 _aCHELTENHAM
650 _aSHREWSBURY
650 _aWORCESTER
690 _aPROPERTY-COMMERCIAL PROPERTY-COMMERCIAL PROPERTY MARKET
942 _n0
999 _c73248
_d73248